000 00497nam a2200181Ia 4500
999 _c36893
_d36893
003 OSt
005 20210125100731.0
008 190216s9999||||xx |||||||||||||| ||und||
020 _a9788174826770
040 _coclc
082 _a378.1664
_bJAI/I
100 _aJain
_98403
245 0 _aIgnou B.Ed Entrance Exam /
_cJain ; Lal
260 _bUpkar Prakashan,
_c2008.
_aAgra:
300 _a479p
650 _aReferences
942 _cREF
_2ddc
_h001.076
_iJAI/I
_k001.076
_mJAI/I